Statistics for AS Roma Top Scorers

Click here to take the quiz!

General Stats

  • This quiz has been taken 23 times
  • The average score is 8 of 25

Answer Stats

CountryGoalsPlayer (Answer)% Correct
Bosnia and Herzegovina119Edin Dzeko
100%
Italy307Francesco Totti
100%
Italy63Daniele De Rossi
83%
Germany68Rudi Völler
78%
Montenegro64Mirko Vucinic
67%
Italy138Roberto Pruzzo
61%
Italy101Vincenzo Montella
56%
Argentina87Abel Balbo
50%
Italy110Amedeo Amadei
39%
Italy47Bruno Conti
33%
Italy76Giuseppe Giannini
33%
Italy52Antonio Cassano
28%
Italy106Rodolfo Volk
28%
Italy83Marco Delvecchio
22%
Italy69Agostino Di Bartolomei
17%
Brazil59Mancini
17%
Italy55Ruggiero Rizzitelli
11%
Italy79Dino Da Costa
6%
Argentina101Pedro Manfredini
6%
Italy60Stephan El Shaaraway
6%
Argentina57Arturo Chini Luduena
0%
Italy55Carlo Galli
0%
Italy62Cesare Fasanelli
0%
Argentina47Michelangelo Pantó
0%
Italy48Simone Perrota
0%

Score Distribution

Percentile by Number Answered

Percent of People with Each Score

Your Score History

You have not taken this quiz